000 00797nam a2200265 a 4500
001 000003509
003 DO-SdBNP
005 20220831100348.0
007 ta
008 090709s1999 sp ac r 000 0 spa d
020 _a8489846x
040 _aDO-SdBNP
_bspa
_cBNPHU
082 4 _bD278s
_222
100 1 _aBirkett Dea
_910890
240 1 0 _aSerpent in Paradise
_lInglés
245 1 3 _aLa serpiente en el paraíso /
_cDea Birkett ; traducción José Manuel de Prada Samper.
260 _aBarcelona :
_bAlba,
_c1999.
300 _a413 p. :
_bil., retr. ;
_c22 cm.
500 _aIncluye notas al pie de las páginas
500 _aTraducido del idioma inglés
590 _aInventariado, 2022 / DG
700 1 _aPrada Samper, José Manuel de,
_etrad.
_910891
910 _aDG
942 _2ddc
_cLBS1
999 _c3336
_d3336